| 000 -LEADER |
| fixed length control field |
02692cam a22005054a 4500 |
| 001 - CONTROL NUMBER |
| control field |
15921056 |
| 003 - CONTROL NUMBER IDENTIFIER |
| control field |
NUST |
| 005 - DATE AND TIME OF LATEST TRANSACTION |
| control field |
20190913052450.0 |
| 008 - FIXED-LENGTH DATA ELEMENTS--GENERAL INFORMATION |
| fixed length control field |
090925s2008 th a b i000 0 eng |
| 010 ## - LIBRARY OF CONGRESS CONTROL NUMBER |
| LC control number |
2009333426 |
| 020 ## - INTERNATIONAL STANDARD BOOK NUMBER |
| International Standard Book Number |
9789211319378 ([vol.] 1) |
| 020 ## - INTERNATIONAL STANDARD BOOK NUMBER |
| International Standard Book Number |
9789211319477 ([vol.] 2) |
| 020 ## - INTERNATIONAL STANDARD BOOK NUMBER |
| International Standard Book Number |
9789211319484 ([vol.] 3) |
| 020 ## - INTERNATIONAL STANDARD BOOK NUMBER |
| International Standard Book Number |
9789211319491 ([vol.] 4) |
| 020 ## - INTERNATIONAL STANDARD BOOK NUMBER |
| International Standard Book Number |
9789211319446 ([vol.] 5) |
| 020 ## - INTERNATIONAL STANDARD BOOK NUMBER |
| International Standard Book Number |
9789211319453 ([vol.] 6) |
| 020 ## - INTERNATIONAL STANDARD BOOK NUMBER |
| International Standard Book Number |
9789211319460 ([vol.] 7) |
| 038 ## - RECORD CONTENT LICENSOR |
| Staff Name |
MSOHAIL |
| 040 ## - CATALOGING SOURCE |
| Original cataloging agency |
DLC |
| Transcribing agency |
DLC |
| Modifying agency |
DLC |
| 042 ## - AUTHENTICATION CODE |
| Authentication code |
lcode |
| 043 ## - GEOGRAPHIC AREA CODE |
| Geographic area code |
a------ |
| 050 00 - LIBRARY OF CONGRESS CALL NUMBER |
| Classification number |
HD7287.96.A78 |
| Item number |
H68 2008 |
| 082 ## - DEWEY DECIMAL CLASSIFICATION NUMBER |
| Classification number |
0 |
| 100 ## - MAIN ENTRY--PERSONAL NAME |
| Personal name |
UN-Habitat |
| 9 (RLIN) |
20255 |
| 245 00 - TITLE STATEMENT |
| Title |
Housing the poor in Asian cities. |
| 260 ## - PUBLICATION, DISTRIBUTION, ETC. |
| Place of publication, distribution, etc. |
Bangkok : |
| Name of publisher, distributor, etc. |
United Nations Economic and Social Commission for Asia and the Pacific ; |
| Place of publication, distribution, etc. |
Nairobi : |
| Name of publisher, distributor, etc. |
United Nations Human Settlements Programme, |
| Date of publication, distribution, etc. |
c2008. |
| 300 ## - PHYSICAL DESCRIPTION |
| Extent |
29 v. : |
| Other physical details |
ill. ; |
| Dimensions |
21 cm. |
| 490 0# - SERIES STATEMENT |
| Series statement |
Quick guides for policy makers |
| 500 ## - GENERAL NOTE |
| General note |
Cover title. |
| 500 ## - GENERAL NOTE |
| General note |
"HS/956/08E"--[Vol.] 1, t.p. verso. |
| 500 ## - GENERAL NOTE |
| General note |
"HS/960/08E"--[Vol.] 2, t.p. verso. |
| 500 ## - GENERAL NOTE |
| General note |
"HS/961/08E"--[Vol.] 3, t.p. verso. |
| 500 ## - GENERAL NOTE |
| General note |
"HS/962/08E"--[Vol.] 4, t.p. verso. |
| 500 ## - GENERAL NOTE |
| General note |
"HS/957/08E"--[Vol.] 5, t.p. verso. |
| 500 ## - GENERAL NOTE |
| General note |
"HS/958/08E"--[Vol.] 6, t.p. verso. |
| 500 ## - GENERAL NOTE |
| General note |
"HS/959/08E"--[Vol.] 7, t.p. verso. |
| 504 ## - BIBLIOGRAPHY, ETC. NOTE |
| Bibliography, etc. note |
Includes bibliographical references. |
| 505 0# - FORMATTED CONTENTS NOTE |
| Formatted contents note |
1. Urbanization : the role the poor play in urban development -- 2. Low-income housing : approaches to help the urban poor find adequate accommodation -- 3. Land : a crucial element in housing the urban poor -- 4. Eviction : alternatives to the whole-scale destruction of urban poor communities -- 5. Housing finance : ways to help the poor pay for housing -- 6. Community-based organizations : the poor as agents of development -- 7. Rental housing : a much neglected housing option for the poor. |
| 650 #0 - SUBJECT ADDED ENTRY--TOPICAL TERM |
| Topical term or geographic name entry element |
Low-income housing |
| Geographic subdivision |
Asia. |
| 9 (RLIN) |
20256 |
| 710 2# - ADDED ENTRY--CORPORATE NAME |
| Corporate name or jurisdiction name as entry element |
United Nations. |
| Subordinate unit |
Economic and Social Commission for Asia and the Pacific. |
| 9 (RLIN) |
20257 |
| 710 2# - ADDED ENTRY--CORPORATE NAME |
| Corporate name or jurisdiction name as entry element |
United Nations Human Settlements Programme. |
| 9 (RLIN) |
20258 |
| 906 ## - LOCAL DATA ELEMENT F, LDF (RLIN) |
| a |
7 |
| b |
cbc |
| c |
origode |
| d |
3 |
| e |
ncip |
| f |
20 |
| g |
y-gencatlg |
| 942 ## - ADDED ENTRY ELEMENTS (KOHA) |
| Source of classification or shelving scheme |
|
| Koha item type |
Book |